Pohjoinen vai eteläinen pallonpuolisko? - Statistics

Yleistilastot
  • Tätä visaa on pelattu 1 650 kertaa
  • Keskiarvotulos 13 / 18
Vastaustilastot
Kysymys Vastaus % Oikein
Lontoo Pohjoinen
100%
Grönlanti Pohjoinen
100%
Etelämanner Eteläinen
98%
Rio de Janeiro Eteläinen
94%
Angola Eteläinen
91%
Mount Everest Pohjoinen
86%
Tansania Eteläinen
85%
Pääsiäissaari Eteläinen
80%
Gizan pyramidit Pohjoinen
73%
Machu Picchu Eteläinen
71%
Kalahari Eteläinen
68%
Kuolemanlaakso Pohjoinen
65%
Panama Pohjoinen
63%
Nigeria Pohjoinen
59%
Intia Pohjoinen
58%
Kauriin kääntöpiiri Eteläinen
52%
Mariaanien hauta Pohjoinen
48%
Manila Pohjoinen
46%
Ehtoja vastaavia visoja ei löytynyt
Tulosjakauma
Jokaisen tuloksen saaneiden osuus
Persentiili vastausten määrän mukaan
Tuloshistoriasi
Et ole pelannut tätä visaa